000 00832nam a22002537a 4500
003 OSt
005 20260406145852.0
008 260406b |||||||| |||| 00| 0 eng d
020 _a9780716626367
040 _cHS LRC
050 _aBL 863
_b.L581sc 2016
100 _aLeonard, Scott A.
_9131548
245 _aMyths and legends of Scandinavia /
_cScott A. Leonard
260 _aChicago, Illinois :
_bWorld Book,
_cc2016.
265 _aPES
300 _a64 pages :
_bcolor illustrations ;
_c26 cm.
365 _b1,667.00
440 _aFamous Myths and Legends of the World
_924871
504 _aIncludes glossary, references and index.
650 _aMythology, Norse
_xJuvenile literature
_9131122
650 _aGods, Norse
_xJuvenile literature
_9131123
650 _aScandinavia
_xJuvenile literature
_9131557
942 _2lcc
_cBK
999 _c94057
_d94057